| 000 | 00524nam a22001817a 4500 | ||
|---|---|---|---|
| 005 | 20251108170047.0 | ||
| 008 | 250721s1991 xx 000 0 ara d | ||
| 082 | 1 | 4 | _aط/ق/محم |
| 100 | 1 | _aسليم، محمد إبراهيم | |
| 245 | 1 | 0 | _aحكايات قبل النوم / |
| 264 | 1 |
_aالقاهرة : _bمكتبة إبن سينا، _c1991. |
|
| 300 | _a80ص | ||
| 650 | 1 | 7 | _aالقصص العربية |
| 650 | 1 | 7 | _aالأدب العربي |
| 650 | 1 | 7 | _aأدب الأطفال |
| 942 |
_2ddc _cBK |
||
| 999 |
_c38683 _d38683 |
||